000 00482cam a22001693 4500
020 _a9780073545868 ($28.00)
020 _a0073545864 ($28.00)
040 _cYDXCP
082 _a370 DUS 2006 A108 Or.
245 0 0 _aAnnual editions :
_bmulticultural education; 06/07/
260 _a[S.l.] :
_bDushkin Publishing,
_c2006
300 _axviii, 237 p. ;
_bill. ;
_c28 cm
650 0 _aChild psychology
650 0 _aChild development
650 0 _aMulticultural education
942 _cEK
999 _c16629
_d16629